书目信息 |
| 题名: |
青年与全球化
|
|
| 作者: | 拉葛雷 主编 ;陈玉生 , 冯跃 译 | |
| 分册: | ||
| 出版信息: | 北京 社会科学文献出版社 2007 |
|
| 页数: | 12,399页 | |
| 开本: | 22cm | |
| 丛书名: | 全球化译丛 | |
| 单 册: | ||
| 中图分类: | D431.7 | |
| 科图分类: | ||
| 主题词: | 青年--生活状况--世界 | |
| 电子资源: | ||
| ISBN: | 978-7-80230-634-9 | |
| 000 | 01224oam2 2200289 450 | |
| 001 | 1240715912 | |
| 005 | 20121005111958.95 | |
| 010 | @a978-7-80230-634-9@dCNY28.00 | |
| 100 | @a20111117d2007 em y0chiy0110 ea | |
| 101 | 1 | @achi@cfre |
| 102 | @aCN@b110000 | |
| 105 | @ay z 000yy | |
| 200 | 1 | @a青年与全球化@Aqing nian yu quan qiu hua@e现代性及其挑战@dYouth and globalization@emodernity and its challenges@f(法)让-查尔斯·拉葛雷(Jean-Charles Lagree)主编@g陈玉生, 冯跃译@zeng |
| 210 | @a北京@c社会科学文献出版社@d2007 | |
| 215 | @a12,399页@d22cm | |
| 225 | 2 | @a全球化译丛 |
| 305 | @a本书根据主编提供英文和法文手稿译出,并授权社会科学文献出版社出版 | |
| 330 | @a本书重点关注东欧和北欧、伊斯兰国家和亚洲国家,尤其是中国和东南亚国家青年问题,其中,重点讨论了青年就业与教育的矛盾,青年与社会解构和重构的关系,青年在社会中的地位以及自身的定位等问题。 | |
| 461 | 0 | @12001 @a全球化译丛 |
| 510 | 1 | @aYouth and globalization@emodernity and its challenges@zeng |
| 606 | 0 | @a青年@x生活状况@y世界 |
| 690 | @aD431.7@v4 | |
| 701 | 0 | @c(法)@a拉葛雷@Ala ge lei@c(Lagree, Jean-Charles)@4主编 |
| 702 | 0 | @a陈玉生@Achen yu sheng@4译 |
| 702 | 0 | @a冯跃@Afeng yue@4译 |
| 801 | 0 | @aCN@bNLC@c20111117 |
| 905 | @a10447@dD431.7@eJY66 | |
| 青年与全球化:现代性及其挑战=Youth and globalization:modernity and its challenges/(法)让-查尔斯·拉葛雷(Jean-Charles Lagree)主编/陈玉生, 冯跃译.-北京:社会科学文献出版社,2007 |
| 12,399页;22cm.-(全球化译丛) |
| ISBN 978-7-80230-634-9:CNY28.00 |
| 本书重点关注东欧和北欧、伊斯兰国家和亚洲国家,尤其是中国和东南亚国家青年问题,其中,重点讨论了青年就业与教育的矛盾,青年与社会解构和重构的关系,青年在社会中的地位以及自身的定位等问题。 |
| ● |
| 相关链接 |
|
|
|
|
正题名:青年与全球化
索取号:D431.7/JY66
 
预约/预借
| 序号 | 登录号 | 条形码 | 馆藏地/架位号 | 状态 | 备注 |
| 1 | 7811744 | 278117440 | 学院路分馆/ [索取号:D431.7/JY66] | 在馆 | |
| 2 | 7811745 | 278117459 | 学院路分馆/ [索取号:D431.7/JY66] | 在馆 |